Top BPO Companies in the Philippines - Statistics

General Stats
  • This quiz has been taken 775 times
  • The average score is 5 of 27
Answer Stats
Answer % Correct
Teleperformance
77%
Accenture
63%
Convergys
62%
Sitel
41%
TeleTech
41%
Telus
40%
Sykes
38%
Sutherland
26%
IBM
23%
24/7
21%
HSBC
11%
GenPact
10%
Hinduja
10%
StarTek
10%
JP Morgan Chase
9%
PLDT
8%
ManuLife
7%
Stream
7%
SPI Global
6%
Shell
4%
Deutsche
3%
Emerson
3%
VXI Global
3%
ACS
2%
Maersk
2%
ANZ Global
1%
Thomson Reuters
1%
No matching quizzes found
Score Distribution
Percent of People with Each Score
Percentile by Number Answered
Your Score History
You have not taken this quiz